000 00697nam a2200289Ia 4500
005 20260324134226.0
008 008 260324s9999 xx 000 0 eng d
020 _a9781315014531
037 _aEBOOK
040 _aCRL
040 _beng
040 _cCRL
041 _2eng
041 _aeng
084 _qCRL
100 _aMalcolm Pearce; Geoffrey Stewart
_91196037
245 0 _aBritish Political History, 1867–2001
245 0 _bDemocracy and Decline
260 _bTaylor and Francis
260 _c2002
365 _a
365 _b265
856 _uhttp://www.taylorfrancis.com/books/9781315014531
942 _cEBOOK
999 _c1795874
_d1795874